| 000 | 01538cam a2200301 4500 | ||
|---|---|---|---|
| 001 | ABS68409 | ||
| 008 | 041117n2004 000 0 eng u | ||
| 035 | _a(Sirsi) u128013 | ||
| 100 | _aKnowles, R. | ||
| 245 | _aAchieving best value in the public sector using Perform 21 | ||
| 260 | _c2004 | ||
| 490 |
_aCivil Engineering Surveyor _v October 2004, 46(1) |
||
| 520 | _aLooks at the development of Perform 21, which has been designed with the requirements of best value and best practice procurement processes in mind. Describes how it is different from other methods, in that it is simple. Examines the development of the Public Sector Partnering Contract (PSPC) which sets out the basic rights and obligations of the parties, making it clear which party carries the essential matters of risk. Sets out the options which can be used as separate contracts and the features of the PSPC. Recommends visiting www.perform21.com for more information. | ||
| 590 | _aABS | ||
| 590 | _aABS | ||
| 650 | _aPERFORMANCE IN THE 21ST CENTURY | ||
| 650 | _aPUBLIC SECTOR PARTNERING CONTRACT | ||
| 650 | _aLOCAL AUTHORITIES | ||
| 650 | _aBUILT ENVIRONMENT-BUILDING CONTRACT FORMS | ||
| 650 | _aOBLIGATIONS | ||
| 650 | _aPARTNERING AGREEMENTS | ||
| 650 | _aBEST VALUE | ||
| 650 | _aBEST PRACTICE | ||
| 690 | _aBUILDING AND CONSTRUCTION-PROCUREMENT, PARTNERING, TENDERING | ||
| 856 |
_uhttps://www.perform21.com _zView the Perform21 website... |
||
| 856 |
_uhttps://www.perform21.com _zView the Perform21 website... |
||
| 942 | _n0 | ||
| 999 |
_c118320 _d118320 |
||